ბათუმის შოთა რუსთაველის სახელმწიფო უნივერსიტეტის ბიბლიოთეკა

ბათუმის სახელმწიფო უმაღლესი ინდუსტრიულ-პედაგოგიური კოლეჯი : (ბიბ.ჩანაწერი № 38007)

000 -ლიდერი
ფიქსირებული სიგრძის საკონტროლო ველი 00895nam a2200205Ia 4500
001 - საკონტროლო ნომერი
საკონტროლო ველი 3991
003 - საკონტროლო ნომრის იდენტიფიკატორი
საკონტროლო ველი GE_BSU
005 - ბოლო ოპერაციის თარიღი და დრო
საკონტროლო ველი 20190902153343.0
008 - ფიქსირებული სიგრძის მონაცემთა ელემენტები - ზოგადი ინფორმაცია
ფიქსირებული სიგრძის საკონტროლო ველი 181216s2003||||ge |||||||||||||| ||geo||
040 ## - კატალოგიზაციის წყარო
Transcribing agency GE_BSU
041 ## - ენის კოდი
Language code of text/sound track or separate title geo
080 ## - უნივერსალური ათობითი კლასიფიკაციის ინდექსი
Universal Decimal Classification number 377 კ–71
100 ## - მთავარი ჩანაწერი - პიროვნების სახელი
Personal name კომახიძე, თეიმურაზ
9 (RLIN) 3432
245 ## - ცნობა სათაურის შესახებ
Title ბათუმის სახელმწიფო უმაღლესი ინდუსტრიულ-პედაგოგიური კოლეჯი :
Remainder of title (გუშინ, დღეს, ხვალ) /
Statement of responsibility, etc რედ.: ჯემალ ხოფერია
264 ## - წარმოების, გამოცემის, დისტრიბუციის და სხვა ცნობები
გამოცემის, წარმოების, დისტრიბუციის... ადგილი ბათუმი :
გამოცემის, წარმოების, დისტრიბუციის... სახელწოდება აჭარა,
გამოცემის, წარმოების, დისტრიბუციის... თარიღი 2003.
300 ## - ფიზიკური აღწერა
Extent 221 გვ.;
Other physical details 20 სმ.
653 ## - INDEX TERM--UNCONTROLLED
Uncontrolled term კოლეჯები საქართველოში
700 ## - ADDED ENTRY--PERSONAL NAME
Personal name ხოფერია, ჯემალ
Relator term რედაქტორი
9 (RLIN) 3862
942 ## - ADDED ENTRY ELEMENTS (KOHA)
Koha item type წიგნი
Source of classification or shelving scheme
ეგზემპლარები
ჩამოწერის სტატუსი დაკარგული ეგზემპლარის სტატუსი კლასიფიკაციის წყარო ან თაროზე გაწყობის სქემა დაზიანების სტატუსი არ გაიცემა მუდმივი მდებარეობა (დაცვის ადგილი) ამჟამინდელი ადგილსამყოფელი თაროზე განთავსების ადგილი შეძენის თარიღი ღირებულება, შესყიდვის ნორმალური ფასი სრული შენახვის შიფრი შტრიხკოდი ბოლო ოპერაციის თარიღი ეგზემპლარის მიმდევრობითი ნომერი (კეტერი?) ფასის ძალაში შესვლის თარიღი ეგზემპლარის სახეობა საჯარო შენიშვნა
          ბათუმის შოთა რუსთაველის სახელმწიფო უნივერსიტეტის მთავარი ბიბლიოთეკა ბათუმის შოთა რუსთაველის სახელმწიფო უნივერსიტეტის მთავარი ბიბლიოთეკა წიგნსაცავი 2018-12-17 2.00 377 კ–71 5564 2018-12-17 5564 2018-12-17 წიგნი 2 ლ.